Представление документа в формате MARC21

Поле Инд. ПП Название Значение
Тип записи a
Библиографический уровень b
001 Контрольный номер RU/IS/BASE/102534586
005 Дата корректировки 20211115145844.2
084 a Индекс другой классификации/Индекс ББК 28.071.25
100 1_ a Автор Кудряшов Ю. Б.
245 a Заглавие Основные принципы в радиобиологии
504 a Библиография Библиогр.: с. 543 - 547 (127 назв.)
650 a Основная рубрика биология
a Основная рубрика биофизика
a Основная рубрика радиобиология
653 a Ключевые слова ионизирующее излучение
a Ключевые слова молекулярная биология
a Ключевые слова цитогенетика
a Ключевые слова цитология
773 t Заглавие источника Радиационная биология. Радиоэкология
d Дата издания источника 2001
g Прочая информация Т. 41, № 5. - С. 531 - 547 : рис.
w Контрольный № источника RU/IS/BASE/102534318
901 t Тип документа b